| 000 | 00637nam a2200229 a 4500 | ||
|---|---|---|---|
| 999 |
_c599 _d599 |
||
| 008 | 190924s2010 ii ||||g |||| 00| 0 eng d | ||
| 020 |
_a9789380376165 _cRs. 636.00 |
||
| 040 |
_aKO _beng |
||
| 041 | 0 | _aeng | |
| 044 | _aii | ||
| 082 | 0 | 4 |
_223 _a516.16 _bP8863 |
| 100 | 1 | _aPrasad, G. | |
| 245 | 1 | 0 |
_aCoordinate Geometry of Two and Three Dimension / _cG. Prasad |
| 260 |
_aNew Delhi : _bAxis Publications, _c2010 |
||
| 300 |
_a244 p. ; _c21 cm |
||
| 650 | 0 |
_aGeometry _vTextbooks |
|
| 650 | 0 |
_aGeometry _xShapes _vTextbooks |
|
| 650 | 0 |
_aGeometry _xDimension theory (Topology) _vTextbooks |
|
| 904 | _aS_JOY | ||
| 942 | _cBK | ||